LIBRARY ONLINE CATALOGUE

Nursing Diagnosis (Record no. 15642)

MARC details
000 -LEADER
fixed length control field 00385nam a22001217a 4500
008 - FIXED-LENGTH DATA ELEMENTS--GENERAL INFORMATION
fixed length control field 160211b xxu||||| |||| 00| 0 eng d
020 ## - INTERNATIONAL STANDARD BOOK NUMBER
International Standard Book Number 0470654828
245 ## - TITLE STATEMENT
Title Nursing Diagnosis
Remainder of title Difinitions and Classifications
Statement of responsibility, etc. T. Heather Herdman
260 ## - PUBLICATION, DISTRIBUTION, ETC. (IMPRINT)
Place of publication, distribution, etc. UK
Name of publisher, distributor, etc. Willy-Blackwell
Date of publication, distribution, etc. 2012
300 ## - PHYSICAL DESCRIPTION
Extent xxxii, 533p.
650 ## - SUBJECT ADDED ENTRY--TOPICAL TERM
Topical term or geographic name as entry element Nursing Diagnosis
942 ## - ADDED ENTRY ELEMENTS (KOHA)
Source of classification or shelving scheme Library of Congress Classification
Koha item type General Collection
Classification part RT48.6
Call number prefix .N36 2012 C.1
Holdings
Withdrawn status Lost status Source of classification or shelving scheme Not for loan Home library Current library Shelving location Date acquired Cost, normal purchase price Total Checkouts Full call number Barcode Date last seen Date last checked out Copy number Price effective from Koha item type
    Library of Congress Classification   Kabarak, Main Campus Kabarak, Main Campus General Stacks 11/02/2016 3408.60 3 RT48.6 N36 2012 C.1 016559 18/04/2017 07/03/2017 C.1 11/02/2016 General Collection